Pokémon - Gigamax - Mort Subite - Statistiques

Statistiques générales
  • Ce quiz a été pris 248 fois
    17 depuis la dernière actualisation
  • Le résultat moyen est 13 sur 20
Answers on the Grid
Answers color-coded by a green-red scale on the quiz's grid according to % correct below.
Ectoplasma
Ronflex
Pyrobut
Gorythmic
Pomdrapi
Monthracite
Torgarmord
Dunaconda
Salarsen
Charmilly
Scolocendre
Astronelle
Pikachu
Miaouss
Miasmax
Krabboss
Lokhlass
Corvaillus
Sorcilence
Papilusion
Pingoléon
Grolem
Wushours
Pyroli
Chartor
Kicklee
Noadkoko
Alakazam
Krakos
Prismillon
Malamandre
Dolman
Morpeko
Lanssorien
Amovénus
Insécateur
 
Statistiques - réponses
Réponse % Correct
Pyrobut
81%
Gorythmic
75%
Torgarmord
75%
Ectoplasma
69%
Lokhlass
69%
Miaouss
69%
Miasmax
69%
Pikachu
69%
Ronflex
69%
Salarsen
69%
Scolocendre
69%
Astronelle
63%
Charmilly
63%
Corvaillus
63%
Dunaconda
56%
Krabboss
56%
Monthracite
56%
Papilusion
56%
Sorcilence
56%
Pomdrapi
44%
Aucun quiz correspondant
Distribution des résultats
% des personnes avec chaque résultat
Percentile par nombre de réponses
Votre historique - résultats
Vous n’avez pas pris ce quiz depuis la dernière actualisation